00576nam a2200181 a 45000010010000000030011000100080041000210350026000620820012000881000024001002450051001242600047001756500035002229420012002579520090002699980020003599990015003790000-8597ELIB.Books110520 1986  a(ELIB.Books)0000-8743 aR bChi aChildress, James F. aThe Westminster Dictionary of Christian Ethics bPhiladelphia: The Westminster Press c1986 aDictionary of Christian Ethics 2ddccBK 00102ddc4070aKBTSbKBTSd2011-05-20l0p3744r2022-01-22 00:00:00w2022-01-22yBK cbate2011-05-20 c8597d8597